Eleanor and Park /

Shranjeno v:
Bibliografske podrobnosti
Glavni avtor: Rowell, Rainbow (autor)
Format: Knjiga
Jezik:španščina
Izdano: México : Alfaguara, 2022, c2022
Teme:
Oznake: Označite
Brez oznak, prvi označite!

MARC

LEADER 00000nam^a2200000^a^4500
001 000569344
005 20250521000000.0
009 20260310132206.973
020 |a 978-607-381-703-5 
037 |a Acervo ITESO - Biblioteca 
041 |a ESP 
082 |a 808. 899282  |b ROW 
100 |a Rowell, Rainbow  |e (autor) 
245 1 0 |a Eleanor and Park /  |c R. Rowell ; tr. por Victoria Simó. 
264 4 |a México :  |b Alfaguara,  |c 2022, c2022 
300 |a 425 p. 
336 |a texto  |b txt  |2 rdacontenido 
337 |a sin mediación  |b n  |2 rdamedio 
338 |a volumen  |b nc  |2 rdasoporte 
500 |a Traducción de: Eleanor and Park 
545 |a La estadounidense Rainbow Rowell, nacida en 1973, luego de graduarse en periodismo fue columnista del Omaha World Herald hasta poco después de publicar Enlazados (2011), su primera novela, cuando decidió dedicarse casi por completo a la escritura creativa. Sus historias regularmente las dirige a un público que va entre adolescentes y jóvenes que se van integrando a la vid adulta. Destaca su capacidad narrativa, sin importar la edad o género de su narrador, sabe delinear muy bien sus personajes con una prosa dulce o agridulce. Destacan, además de la mencionada, sus obras Eleanor and Park (2012); Fangirl (2013); Moriré besando a Sión Snow (2015); Wayward Son (2019); y Any Way the Wind Blows (2021). Se ha dedicado también a escribir cómics y novela gráfica, de los que destacan La última noche (2019) y She-Hulk (2022). 
649 |a XX 
650 |a Adolescentes en la Literatura 
650 |a Novela Norteamericana 
650 |a Literatura Juvenil -  |z EUA 
650 |a Literatura de Mujeres -  |z EUA 
650 |a Literatura Norteamericana -  |y Siglo XXI 
650 |a Obesidad en la Literatura 
650 |a Escuelas en la Literatura 
650 |a Acoso Escolar en la Literatura 
650 |a Relaciones Familiares en la Literatura 
910 |a Fondo General 
920 |a Impresos - Libros 
930 |a Colección General 
940 |a Literatura 
905 |a 101 
901 |a 0500395508  |b IT1  |c LIT  |i C183120  |u 20250521 
902 |a https://opac.biblio.iteso.mx/vufind/Record/000569344